[Event "34. Potsdamer Weihnachtsturnier"]
[Site "?"]
[Date "2009.12.27"]
[Round "2.1"]
[White "Bernhoeft, Erhard"]
[Black "Trenner, Rolf"]
[Result "1-0"]
[WhiteElo "2021"]
[BlackElo "2280"]
[PlyCount "95"]
[EventDate "2004.??.??"]

1. g3 Nf6 2. Bg2 e5 3. c4 c6 4. Nc3 Be7 5. d4 exd4 6. Qxd4 O-O 7. e4 Re8 8.
Nge2 d6 9. O-O Nbd7 10. Bf4 Qb6 11. Qxb6 Nxb6 12. b3 Nh5 13. Be3 f5 14. Rad1
fxe4 15. Nxe4 d5 16. cxd5 Nxd5 17. Bd4 Nhf6 18. N2c3 Bf5 19. Nxf6+ Nxf6 20.
Rfe1 Bb4 21. Rxe8+ Rxe8 22. f3 a6 23. Bxf6 gxf6 24. Ne4 Kg7 25. g4 Be6 26. Kf2
Bd5 27. h4 Re5 28. Kg3 h5 29. Kf4 Kg6 30. Bh3 hxg4 31. Bxg4 Bf8 32. h5+ Kf7 33.
Bf5 Bh6+ 34. Kg4 Ke7 35. Re1 Be6 36. Bxe6 Rxe6 37. Rd1 Re5 38. Nd6 Rg5+ 39. Kh4
b5 40. f4 Rc5 41. b4 Rc4 42. Nxc4 bxc4 43. Rc1 Bxf4 44. Rxc4 Bg5+ 45. Kg4 Kd6
46. Rc5 Bd2 47. a3 Kc7 48. Kf5 1-0

[Event "34. Potsdamer Weihnachtsturnier"]
[Site "?"]
[Date "2009.12.27"]
[Round "2.2"]
[White "Gebigke, Martin"]
[Black "Rackowiak, Hans"]
[Result "1-0"]
[WhiteElo "2231"]
[BlackElo "1987"]
[PlyCount "55"]
[EventDate "2004.??.??"]

1. d4 Nf6 2. c4 g6 3. Nc3 d5 4. Nf3 Bg7 5. Qb3 dxc4 6. Qxc4 O-O 7. e4 Nfd7 8.
Bg5 Nb6 9. Qc5 f6 10. Be3 a6 11. a4 Nc6 12. a5 Nd7 13. Bc4+ Kh8 14. Qa3 b5 15.
axb6 Nxb6 16. Be2 Qd6 17. O-O Bg4 18. Qxd6 exd6 19. Rxa6 Nb4 20. Rxa8 Rxa8 21.
Nb5 Ra2 22. Rb1 f5 23. h3 Bxf3 24. gxf3 Nc2 25. Bd1 c6 26. Nxd6 Nxd4 27. e5 c5
28. b4 1-0

[Event "34. Potsdamer Weihnachtsturnier"]
[Site "?"]
[Date "2009.12.27"]
[Round "2.3"]
[White "Schiffermueller, Stefan"]
[Black "Rietze, Clemens"]
[Result "0-1"]
[WhiteElo "1963"]
[BlackElo "2186"]
[PlyCount "76"]
[EventDate "2004.??.??"]

1. e4 c5 2. Nf3 d6 3. d4 cxd4 4. Nxd4 Nf6 5. Nc3 a6 6. Be2 e5 7. Nb3 Be7 8. Bg5
Nbd7 9. O-O O-O 10. a4 Qc7 11. a5 b5 12. axb6 Nxb6 13. Bd3 Bg4 14. f3 Be6 15.
Bxa6 Rfd8 16. Bd3 Bxb3 17. Rxa8 Rxa8 18. cxb3 Qc6 19. Kh1 h6 20. Bh4 Qc8 21. h3
Qe6 22. Na4 Bd8 23. Bf2 Nfd7 24. Nxb6 Nxb6 25. Qe2 Qxb3 26. Rc1 Na4 27. Qc2
Qxb2 28. Qxb2 Nxb2 29. Bb5 Rb8 30. Bd7 Nd3 31. Rc2 Rb1+ 32. Kh2 Ba5 33. Be3 Re1
34. Bf2 Rf1 35. Be3 Kf8 36. Bb5 Rd1 37. Ra2 Be1 38. Ra3 Nb4 {
Zeitueberschreitung} 0-1

[Event "34. Potsdamer Weihnachtsturnier"]
[Site "?"]
[Date "2009.12.27"]
[Round "2.5"]
[White "Bachran, Boris"]
[Black "Barna, André"]
[Result "1/2-1/2"]
[WhiteElo "1951"]
[BlackElo "2168"]
[PlyCount "119"]
[EventDate "2004.??.??"]

1. d4 Nf6 2. Nf3 g6 3. Bf4 Bg7 4. c3 d5 5. e3 c6 6. Qb3 Qb6 7. Bd3 Nbd7 8. Nbd2
Nh5 9. O-O f6 10. Qxb6 Nxb6 11. Bc7 Bh6 12. h3 Ng7 13. a4 Bf5 14. Bxf5 gxf5 15.
Bf4 Bxf4 16. exf4 Kf7 17. a5 Nc8 18. Kh2 Nd6 19. g3 h5 20. h4 Rhg8 21. Ne1 Ne4
22. Nxe4 fxe4 23. Nc2 Nf5 24. Rg1 Rae8 25. Ne3 Ke6 26. Nxf5 Kxf5 27. Rge1 Kg4
28. Kg2 Rgf8 29. Re2 e5 30. fxe5 fxe5 31. Rd1 Kf5 32. Re3 Kg6 33. Rd2 Rf6 34.
dxe5 Rxe5 35. f3 exf3+ 36. Rxf3 Rxf3 37. Kxf3 Kf5 38. b4 Re4 39. Rd4 Re1 40.
Rf4+ Kg6 41. Kf2 Rc1 42. Rf3 Rc2+ 43. Ke1 Rb2 44. Kd1 d4 45. Kc1 Rb3 46. Kc2
Rxc3+ 47. Rxc3 dxc3 48. Kxc3 b6 49. Kd4 Kf5 50. a6 Kg4 51. Ke5 c5 52. bxc5 bxc5
53. Kd5 Kxg3 54. Kxc5 Kxh4 55. Kc6 Kg3 56. Kb7 h4 57. Kxa7 h3 58. Kb8 h2 59. a7
h1=Q 60. a8=Q 1/2-1/2

[Event "34. Potsdamer Weihnachtsturnier"]
[Site "?"]
[Date "2009.12.27"]
[Round "2.6"]
[White "Schulz, Wolfgang"]
[Black "von Bassewitz, Ingo"]
[Result "1/2-1/2"]
[WhiteElo "2111"]
[BlackElo "1941"]
[PlyCount "137"]
[EventDate "2004.??.??"]

1. e4 c5 2. Nf3 d6 3. d4 cxd4 4. Nxd4 Nf6 5. Nc3 g6 6. Be2 Bg7 7. Be3 O-O 8.
O-O Nc6 9. h3 Bd7 10. Qd2 Nxd4 11. Bxd4 a6 12. Rad1 b5 13. a3 Qc7 14. Bxf6 Bxf6
15. Nd5 Qc6 16. Nxf6+ exf6 17. Qxd6 Qxd6 18. Rxd6 Be6 19. Rfd1 Rfc8 20. c3 Kg7
21. f4 Bc4 22. Bf3 Ra7 23. Rb6 a5 24. f5 gxf5 25. exf5 Rc5 26. Rdd6 Rxf5 27.
Rbc6 a4 28. Rd2 Re7 29. Rcd6 Rfe5 30. R6d4 f5 31. Kf2 Kg6 32. Bd5 Be2 33. Bc6
Bc4 34. Bd5 Re2+ 35. Kg3 R7e3+ 36. Kh2 Bxd5 37. Rxd5 Rxd2 38. Rxd2 Re5 39. Rd4
Kg5 40. h4+ Kg6 41. Kg3 f6 42. Kf3 h5 43. c4 bxc4 44. Rxc4 Rb5 45. Rb4 Ra5 46.
g3 Kf7 47. Kf4 Kg6 48. Ke3 Kf7 49. Kd3 Ke6 50. Kc4 f4 51. gxf4 Rf5 52. Kc3 Ra5
53. b3 axb3 54. Kxb3 Kf5 55. a4 Ra8 56. Rb6 Re8 57. a5 Re3+ 58. Ka4 Re1 59. a6
Kxf4 60. Rb4+ Kg3 61. Ka5 Re8 62. Kb5 f5 63. Kc4 Ra8 64. Ra4 Kxh4 65. Kd3+ Kg3
66. Ke2 Kg2 67. Ke3 h4 68. Rxh4 Rxa6 69. Rh5 1/2-1/2

[Event "34. Potsdamer Weihnachtsturnier"]
[Site "?"]
[Date "2009.12.27"]
[Round "2.7"]
[White "Welz, Peter"]
[Black "Lenz, Tobias"]
[Result "1-0"]
[WhiteElo "2090"]
[BlackElo "1929"]
[PlyCount "129"]
[EventDate "2004.??.??"]

1. e4 e6 2. d4 d5 3. e5 c5 4. Nf3 Nc6 5. Bd3 cxd4 6. O-O Nge7 7. Bf4 Ng6 8. Bg3
Be7 9. Nbd2 O-O 10. Nb3 f5 11. exf6 gxf6 12. Nfxd4 e5 13. Nf5 e4 14. Nxe7+ Qxe7
15. Be2 f5 16. f4 Be6 17. Nd4 Nxd4 18. Qxd4 Rac8 19. c3 Qc5 20. Qxc5 Rxc5 21.
Bf2 Rc7 22. Bd4 Ne7 23. h3 Nc6 24. Rad1 Nxd4 25. Rxd4 Rg7 26. Kh2 Kh8 27. Rg1
Rfg8 28. g3 a6 29. a4 Rc7 30. Rb4 Rd8 31. Rd1 Kg7 32. Rdd4 Rdd7 33. g4 h6 34.
Kg3 Rc6 35. g5 hxg5 36. fxg5 f4+ 37. Kxf4 Bxh3 38. Bh5 Rcd6 39. a5 Re7 40. Rb6
Rxb6 41. axb6 e3 42. Be2 Bg2 43. Rd3 Re6 44. Rxe3 Rxb6 45. b4 d4 46. cxd4 Rxb4
47. Ke5 Ra4 48. d5 Bxd5 49. Kxd5 Ra5+ 50. Ke4 Rxg5 51. Kf4 Kf6 52. Bd3 Ra5 53.
Be4 Ra4 54. Rh3 b5 55. Rh6+ Kg7 56. Rh7+ Kf6 57. Rb7 Ke6 58. Rb6+ Kd7 59. Ke5
Kc7 60. Rb7+ Kc8 61. Rh7 Kb8 62. Bd5 Ra1 63. Kd6 Rf1 64. Rh8+ Ka7 65. Kc7 1-0

[Event "34. Potsdamer Weihnachtsturnier"]
[Site "?"]
[Date "2009.12.27"]
[Round "2.8"]
[White "Sicora, Carsten"]
[Black "Witt, Ronald"]
[Result "0-1"]
[WhiteElo "1926"]
[BlackElo "2085"]
[PlyCount "70"]
[EventDate "2004.??.??"]

1. e4 c6 2. d4 d5 3. Nc3 dxe4 4. Nxe4 Bf5 5. Ng3 Bg6 6. h4 h6 7. h5 Bh7 8. Nf3
Nd7 9. Bd3 Bxd3 10. Qxd3 Qc7 11. O-O e6 12. Re1 Ngf6 13. Ne5 Nb6 14. c4 O-O-O
15. a4 Bb4 16. Rd1 c5 17. Be3 Qe7 18. a5 Nbd7 19. Qb3 Nxe5 20. dxe5 Ng4 21. a6
Nxe5 22. axb7+ Qxb7 23. Bf4 Nc6 24. Be3 f5 25. Ne2 Rxd1+ 26. Rxd1 Rd8 27. Rxd8+
Nxd8 28. Nc3 a6 29. Na4 Qc6 30. Qd1 e5 31. f3 Ne6 32. Qc2 e4 33. f4 Qd6 34. g3
Nd4 35. Qc1 Ne2+ 0-1

[Event "34. Potsdamer Weihnachtsturnier"]
[Site "?"]
[Date "2009.12.27"]
[Round "2.9"]
[White "Allgaier, Erik"]
[Black "Große, Michael"]
[Result "1/2-1/2"]
[WhiteElo "2073"]
[BlackElo "1902"]
[PlyCount "51"]
[EventDate "2004.??.??"]

1. Nf3 g6 2. d4 Bg7 3. Nc3 d5 4. Bf4 c6 5. e3 Nf6 6. Be2 O-O 7. Ne5 Nbd7 8. h4
Nxe5 9. Bxe5 Ne4 10. Bxg7 Nxc3 11. bxc3 Kxg7 12. h5 Be6 13. Qd2 Qa5 14. e4 dxe4
15. h6+ Kg8 16. O-O Rad8 17. Qe3 Bc8 18. Qxe4 Qxc3 19. Rad1 Qb4 20. c4 Qd6 21.
Rd2 Bf5 22. Qe3 Qf6 23. g4 Bc8 24. g5 Qe6 25. Qa3 Qe4 26. Rfd1 1/2-1/2

[Event "34. Potsdamer Weihnachtsturnier"]
[Site "?"]
[Date "2009.12.27"]
[Round "2.10"]
[White "Perestjuk, Marko"]
[Black "Godoj, Veit"]
[Result "1/2-1/2"]
[WhiteElo "1902"]
[BlackElo "2072"]
[PlyCount "60"]
[EventDate "2004.??.??"]

1. e4 c5 2. Nf3 g6 3. c4 Bg7 4. d4 cxd4 5. Nxd4 Nc6 6. Be3 Nf6 7. Nc3 d6 8. Be2
O-O 9. O-O Bd7 10. Kh1 Nxd4 11. Bxd4 Bc6 12. f3 Nd7 13. Bxg7 Kxg7 14. Qd4+ Kg8
15. Rfd1 Qb6 16. Nd5 Bxd5 17. Qxb6 Nxb6 18. cxd5 Rfc8 19. Rdc1 a6 20. Kg1 Kg7
21. b3 Kf6 22. Kf2 Rxc1 23. Rxc1 Rc8 24. Rxc8 Nxc8 25. Ke3 Nb6 26. Kd4 e5+ 27.
Ke3 Ke7 28. f4 f6 29. fxe5 fxe5 30. Bg4 h6 1/2-1/2

[Event "34. Potsdamer Weihnachtsturnier"]
[Site "?"]
[Date "2009.12.27"]
[Round "2.11"]
[White "Bauer, Norbert"]
[Black "Osvath, Zoltan"]
[Result "1-0"]
[WhiteElo "2064"]
[BlackElo "1900"]
[PlyCount "81"]
[EventDate "2004.??.??"]

1. e4 c6 2. d4 d5 3. Nc3 dxe4 4. Nxe4 Nd7 5. Nf3 Ngf6 6. Nxf6+ Nxf6 7. Ne5 Bf5
8. g4 Bg6 9. h4 Nd7 10. Nxg6 hxg6 11. g5 e6 12. Bd3 Qc7 13. Be3 O-O-O 14. Qf3
Nb6 15. O-O-O Nd5 16. c4 Nb4 17. Bb1 Rd7 18. a3 Na6 19. b4 Be7 20. Kb2 Rf8 21.
d5 Rfd8 22. dxc6 bxc6 23. Rxd7 Rxd7 24. Rd1 Nb8 25. Rxd7 Qxd7 26. Kb3 Bd8 27.
h5 gxh5 28. Qxh5 Bb6 29. Qh8+ Kb7 30. Qxg7 Qd1+ 31. Bc2 Qf3 32. Qc3 Nd7 33.
Bxb6 Qxc3+ 34. Kxc3 axb6 35. f4 c5 36. Bh7 cxb4+ 37. axb4 e5 38. f5 e4 39. g6
fxg6 40. fxg6 e3 41. g7 1-0

[Event "34. Potsdamer Weihnachtsturnier"]
[Site "?"]
[Date "2009.12.27"]
[Round "2.12"]
[White "Binder, Thomas"]
[Black "Schrodt, Sebastian"]
[Result "0-1"]
[WhiteElo "1894"]
[BlackElo "2054"]
[PlyCount "108"]
[EventDate "2004.??.??"]

1. e4 e5 2. Nf3 d6 3. d4 exd4 4. Nxd4 Nf6 5. Nc3 Be7 6. Bc4 O-O 7. O-O Re8 8.
Qf3 c6 9. Be3 Nbd7 10. Bb3 Qc7 11. Rad1 Nc5 12. Nf5 Nxb3 13. axb3 Bxf5 14. Qxf5
b5 15. Ne2 Bf8 16. f3 d5 17. Bd4 dxe4 18. Bxf6 exf3 19. Ng3 fxg2 20. Rf4 g6 21.
Qg5 Re6 22. Ne4 Rae8 23. Qh4 Qxf4 24. Qxf4 Rxe4 25. Qg5 h6 26. Qg3 Re2 27. Qc3
b4 28. Qc4 R8e4 29. Rd4 Re6 30. Bh4 c5 31. Rf4 Bd6 32. Rg4 h5 33. Rxg2 R2e4 34.
Qd5 Rxh4 35. Qg5 Rf4 36. Qd8+ Kg7 37. Rd2 Rg4+ 38. Kf2 Rf6+ 39. Ke2 Rg2+ 40.
Kd3 Rf3+ 41. Ke4 Rf4+ 42. Ke3 Rxd2 43. Kxd2 Rd4+ 44. Ke2 Bxh2 45. Qe7 Bd6 46.
Qxa7 Re4+ 47. Kf3 Re6 48. Qd7 g5 49. Qd8 g4+ 50. Kf2 g3+ 51. Kg1 Rg6 52. Qh4 g2
53. Qxh5 Bf4 54. Qh3 Rg3 0-1

[Event "34. Potsdamer Weihnachtsturnier"]
[Site "?"]
[Date "2009.12.27"]
[Round "2.13"]
[White "Francke, Jörg"]
[Black "Brinkmann, Dieter"]
[Result "1/2-1/2"]
[WhiteElo "2053"]
[BlackElo "1893"]
[PlyCount "86"]
[EventDate "2004.??.??"]

1. d4 Nf6 2. Bg5 e6 3. e3 Be7 4. Nd2 O-O 5. Ngf3 b6 6. Be2 Bb7 7. O-O d6 8. c4
Nbd7 9. Qc2 c5 10. Rfe1 cxd4 11. exd4 h6 12. Bf4 Rc8 13. h3 d5 14. b3 dxc4 15.
bxc4 Nd5 16. Bg3 Nb4 17. Qb3 a5 18. a3 Nc6 19. Rad1 a4 20. Qe3 Na5 21. Rb1 Nf6
22. Ne5 Ba6 23. Rec1 Ne8 24. Bf4 Nd6 25. g4 g5 26. Bg3 Bf6 27. c5 Bxe2 28. cxd6
Rxc1+ 29. Rxc1 Bb5 30. Ne4 Bg7 31. Rc7 f5 32. Nc3 f4 33. Qe4 Be8 34. Bh2 Qxd6
35. Ra7 Qxa3 36. Nb5 Bxb5 37. Rxg7+ Kxg7 38. Qg6+ Kh8 39. Qxh6+ Kg8 40. Qxg5+
Kh7 41. Qg6+ Kh8 42. Qh6+ Kg8 43. Qxe6+ Kh7 1/2-1/2

[Event "34. Potsdamer Weihnachtsturnier"]
[Site "?"]
[Date "2009.12.27"]
[Round "2.14"]
[White "Scholz, Ralf-Dieter"]
[Black "Mueller, Klaus"]
[Result "1-0"]
[WhiteElo "1885"]
[BlackElo "2045"]
[PlyCount "165"]
[EventDate "2004.??.??"]

1. e4 c5 2. d4 cxd4 3. c3 d3 4. Bxd3 Nc6 5. Nf3 d6 6. h3 e6 7. O-O Be7 8. Qe2
Nf6 9. Rd1 Qc7 10. Bf4 e5 11. Bh2 a6 12. Nbd2 O-O 13. Nf1 b5 14. Ne3 Qb8 15. b3
Nd8 16. Rac1 g6 17. g4 Bb7 18. Ng2 Ne6 19. Bb1 Bc6 20. Nd2 Qb7 21. f3 Ng5 22.
h4 Ne6 23. Nf1 a5 24. Nfe3 Nc7 25. Rd2 Rfd8 26. Rcd1 b4 27. c4 Ne6 28. Qf2 Ng7
29. g5 Nd7 30. Kh1 f5 31. Nd5 Bxd5 32. exd5 Rf8 33. Ne3 Rae8 34. Bg1 Nc5 35.
Kg2 a4 36. Bc2 axb3 37. Bxb3 Ra8 38. Rb2 e4 39. Bc2 f4 40. Ng4 e3 41. Qe1 Rfb8
42. Rdb1 Qa6 43. Rxb4 Rxb4 44. Qxb4 Nf5 45. Bxf5 gxf5 46. Nh6+ Kf8 47. Qc3 Ke8
48. Ra1 Qa3 49. Qg7 Qd3 50. Qf7+ Kd7 51. Qxf5+ Qxf5 52. Nxf5 Nb3 53. Re1 Rxa2+
54. Kh3 Bd8 55. Bxe3 fxe3 56. Rxe3 Na5 57. Re4 Rc2 58. Ne3 Rc3 59. Kg2 Bb6 60.
Nf5 Rc2+ 61. Kh3 Nxc4 62. Re7+ Kd8 63. Rxh7 Re2 64. g6 Re1 65. g7 Rh1+ 66. Kg2
Rg1+ 67. Kh2 Ne5 68. Rh8+ Kd7 69. g8=Q Nxf3+ 70. Kh3 Rxg8 71. Rxg8 Bc5 72. h5
Nd4 73. Rg7+ Ke8 74. Ng3 Nf3 75. Rg4 Ne5 76. Re4 Kf7 77. Rf4+ Kg7 78. Nf5+ Kh7
79. Kg2 Nd3 80. Rg4 Ne5 81. Rg7+ Kh8 82. Rc7 Nd3 83. h6 1-0

[Event "34. Potsdamer Weihnachtsturnier"]
[Site "?"]
[Date "2009.12.27"]
[Round "2.15"]
[White "Wiezer, Siegfried"]
[Black "Heinrich, Daniela"]
[Result "1-0"]
[WhiteElo "2037"]
[BlackElo "1421"]
[PlyCount "89"]
[EventDate "2004.??.??"]

1. d4 d5 2. Nf3 e6 3. Bf4 Bd6 4. Bg3 f5 5. e3 Nf6 6. c4 c6 7. Nc3 Bxg3 8. hxg3
Ne4 9. Ne5 Nf6 10. Be2 O-O 11. Qc2 Qc7 12. g4 Nbd7 13. g5 Nxe5 14. gxf6 Nxc4
15. fxg7 Qxg7 16. O-O-O Rf6 17. g4 Rg6 18. Rh2 Bd7 19. Rdh1 h6 20. Nd1 Rf8 21.
gxf5 exf5 22. Bxc4 dxc4 23. Qxc4+ Be6 24. Qd3 Bd5 25. Re1 Rg2 26. Rh4 Rf6 27.
Rf4 Qf7 28. b3 Be4 29. Qf1 Rg4 30. Qh3 Rxf4 31. exf4 Rg6 32. Nc3 Bg2 33. Qe3 h5
34. Qe5 a6 35. Qb8+ Kg7 36. Qe8 Qf6 37. Qe7+ Kh6 38. Re5 h4 39. Nd1 h3 40. Ne3
h2 41. Nxf5+ Qxf5 42. Rxf5 h1=Q+ 43. Kb2 Be4 44. Qf8+ Rg7 45. Rg5 1-0

[Event "34. Potsdamer Weihnachtsturnier"]
[Site "?"]
[Date "2009.12.27"]
[Round "2.16"]
[White "Hein, Carsten"]
[Black "Kliem, Helmut"]
[Result "1-0"]
[WhiteElo "2127"]
[BlackElo "1846"]
[PlyCount "59"]
[EventDate "2004.??.??"]

1. g3 c5 2. c4 Nc6 3. Nc3 Nf6 4. Bg2 e6 5. e4 d6 6. Nge2 e5 7. d3 Be7 8. h3 a6
9. Be3 Rb8 10. a4 Bd7 11. g4 h6 12. Ng3 Nd4 13. O-O Qb6 14. Ra2 Qb3 15. Qxb3
Nxb3 16. f4 Nd4 17. fxe5 dxe5 18. Bxd4 cxd4 19. Nd5 Nxd5 20. exd5 O-O 21. b3
Bh4 22. Ne4 b6 23. a5 f5 24. gxf5 Bxf5 25. d6 Bxe4 26. Bxe4 Rxf1+ 27. Kxf1 Bd8
28. axb6 Rxb6 29. c5 Rxb3 30. Bd5+ 1-0

[Event "34. Potsdamer Weihnachtsturnier"]
[Site "?"]
[Date "2009.12.27"]
[Round "2.18"]
[White "Muehlhan, Klaus"]
[Black "Schirrmacher, Carsten"]
[Result "1-0"]
[WhiteElo "1932"]
[BlackElo "2112"]
[PlyCount "83"]
[EventDate "2004.??.??"]

1. e4 e5 2. Nf3 Nc6 3. Bb5 Nf6 4. O-O Nxe4 5. d4 Nd6 6. Bxc6 dxc6 7. dxe5 Nf5
8. Qxd8+ Kxd8 9. Nc3 Ne7 10. Bf4 Ng6 11. Bg3 Bg4 12. Ng5 Ke8 13. Rfe1 h6 14.
Nge4 Rd8 15. a3 Be7 16. Nf6+ gxf6 17. exf6 Rd2 18. fxe7 Rxc2 19. Ne4 Be6 20. b4
b6 21. Bxc7 Kxe7 22. Rad1 Bd5 23. Nc5+ Kf6 24. Nd7+ Kg7 25. Ne5 Ra2 26. b5 Rc8
27. Bd6 Bb3 28. Rd3 Nxe5 29. Bxe5+ f6 30. Rg3+ Kf7 31. Rf3 cxb5 32. Rxf6+ Kg8
33. Rxh6 Rcc2 34. Rg6+ Kh7 35. Rg7+ Kh6 36. Bd4 Rxf2 37. Rg4 Rf5 38. h3 Rg5 39.
Be3 Rxa3 40. Bxg5+ Kh5 41. Bc1 Ra4 42. Re5# 1-0

[Event "34. Potsdamer Weihnachtsturnier"]
[Site "?"]
[Date "2009.12.27"]
[Round "2.21"]
[White "Neumaier, Hubert"]
[Black "Haar, Reinhard"]
[Result "1/2-1/2"]
[WhiteElo "1846"]
[BlackElo "1471"]
[PlyCount "108"]
[EventDate "2004.??.??"]

1. d4 Nf6 2. Nf3 g6 3. Bf4 Bg7 4. e3 O-O 5. Nbd2 d6 6. Be2 c6 7. c3 Bf5 8. h3
Nd5 9. Bg3 Nf6 10. O-O Nbd7 11. Nh4 Be6 12. f4 Nd5 13. Bf2 f5 14. Nhf3 N7f6 15.
a4 a5 16. Ng5 Bf7 17. Qc2 h6 18. Nxf7 Rxf7 19. Bc4 Kh8 20. Rae1 Rf8 21. Bh4 Nb6
22. Bxf6 Rxf6 23. Bb3 d5 24. Nf3 Nd7 25. g4 e6 26. Ne5 Nxe5 27. dxe5 Rf7 28.
gxf5 exf5 29. c4 dxc4 30. Bxc4 Rd7 31. Rd1 Rxd1 32. Rxd1 Qh4 33. Kg2 Rd8 34.
Rxd8+ Qxd8 35. Qd3 Qxd3 36. Bxd3 Kg8 37. b3 Kf8 38. h4 h5 39. e4 fxe4 40. Bxe4
Kf7 41. e6+ Kxe6 42. Bxg6 b5 43. axb5 cxb5 44. Bxh5 a4 45. bxa4 bxa4 46. Bd1 a3
47. Bb3+ Kf5 48. Kf3 Bh6 49. Bc2+ Kf6 50. Bb1 Ke6 51. f5+ Kf6 52. Ke4 Bd2 53.
Kf3 Be1 54. h5 Bd2 1/2-1/2

[Event "34. Potsdamer Weihnachtsturnier"]
[Site "?"]
[Date "2009.12.27"]
[Round "2.23"]
[White "Vachkov, Temi"]
[Black "Fuchs, Dominik"]
[Result "1-0"]
[WhiteElo "1804"]
[BlackElo "1354"]
[PlyCount "55"]
[EventDate "2004.??.??"]

1. e4 c6 2. d4 d5 3. Nc3 dxe4 4. Nxe4 Bf5 5. Ng3 Bg6 6. Bc4 Nf6 7. N1e2 h6 8.
O-O e6 9. f4 Nbd7 10. f5 Bxf5 11. Nxf5 exf5 12. Rxf5 Qc7 13. Bf4 Bd6 14. Qe1 b5
15. Nc3+ Kf8 16. Bxd6+ Qxd6 17. Bb3 Qxd4+ 18. Kh1 Re8 19. Qf1 a6 20. Rd1 Qa7
21. Ne2 Nc5 22. Qf2 Qe7 23. Rxc5 Qxe2 24. Qxe2 Rxe2 25. Rxc6 Ng4 26. Rf1 Ne3
27. Rxf7+ Kg8 28. Rf2+ 1-0

[Event "34. Potsdamer Weihnachtsturnier"]
[Site "?"]
[Date "2009.12.27"]
[Round "2.24"]
[White "Heinrich, Philipp"]
[Black "Schweitzer, Paul"]
[Result "1-0"]
[WhiteElo "1335"]
[BlackElo "1782"]
[PlyCount "123"]
[EventDate "2004.??.??"]

1. f4 d5 2. Nf3 e6 3. g3 Nf6 4. Bg2 c5 5. O-O Nc6 6. d3 Be7 7. c3 Bd7 8. Qe1
Qb6 9. Nbd2 Ng4 10. e4 c4+ 11. d4 dxe4 12. Nxc4 Qc7 13. Nfe5 Ncxe5 14. Nxe5 f5
15. Nxg4 fxg4 16. Bxe4 O-O-O 17. Qe2 h5 18. a4 h4 19. Qxg4 hxg3 20. Qxg3 Bh4
21. Qg2 Bf6 22. a5 e5 23. a6 b6 24. Bb7+ Kb8 25. Qf3 Rh3 26. Qg2 exd4 27. f5
Rdh8 28. Bf4 Be5 29. Bxe5 Qxe5 30. cxd4 Qxd4+ 31. Qf2 Qg4+ 32. Qg2 Bxf5 33.
Qxg4 Bxg4 34. Rf2 Bc8 35. Rg2 g5 36. Bxc8 Kxc8 37. Rc1+ Kb8 38. Rcc2 R3h5 39.
Rc4 Rd8 40. Rgc2 Rh7 41. Kg2 Rdh8 42. Kg1 Rh4 43. b4 Rxc4 44. Rxc4 Rh4 45. Rxh4
gxh4 46. Kg2 Kc7 47. Kh3 Kc6 48. Kxh4 Kb5 49. Kg5 Kxb4 50. h4 Ka3 51. h5 b5 52.
h6 b4 53. h7 b3 54. h8=Q b2 55. Qc3+ Ka2 56. Qc2 Ka1 57. Qa4+ Kb1 58. Kf4 Kc1
59. Qc4+ Kd2 60. Qb4+ Kc1 61. Qc3+ Kb1 62. Ke3 1-0

[Event "34. Potsdamer Weihnachtsturnier"]
[Site "?"]
[Date "2009.12.27"]
[Round "2.25"]
[White "Maslov, Maxim"]
[Black "Nguyen, Van Anh"]
[Result "1/2-1/2"]
[WhiteElo "1778"]
[BlackElo "1291"]
[PlyCount "76"]
[EventDate "2004.??.??"]

1. e4 e5 2. Nf3 Nf6 3. d4 d6 4. dxe5 dxe5 5. Qxd8+ Kxd8 6. Nxe5 Be6 7. Nc3 Bd6
8. Nf3 Nc6 9. Bg5 Ke7 10. Bb5 Ne5 11. Nd4 h6 12. Bh4 Rad8 13. Nxe6 Kxe6 14. f4
Ng6 15. Bxf6 Kxf6 16. e5+ Nxe5 17. fxe5+ Bxe5 18. O-O+ Ke6 19. Bc4+ Kd7 20.
Rxf7+ Kc8 21. Be6+ Kb8 22. Re1 Bf6 23. Rd7 Rde8 24. Kf1 Rhf8 25. Bf7 Rd8 26.
Rxd8+ Bxd8 27. Re8 Rxf7+ 28. Ke2 Kc8 29. Nd5 Kd7 30. Rg8 c6 31. Nc3 Bf6 32. Rb8
Kc7 33. Re8 Re7+ 34. Rxe7+ Bxe7 35. Ne4 b5 36. Ke3 g5 37. Kf3 h5 38. g4 h4
1/2-1/2

[Event "34. Potsdamer Weihnachtsturnier"]
[Site "?"]
[Date "2009.12.27"]
[Round "2.26"]
[White "Ulrich, Gert"]
[Black "Paul, Fabian"]
[Result "1-0"]
[WhiteElo "1753"]
[BlackElo "1047"]
[PlyCount "29"]
[EventDate "2004.??.??"]

1. d4 f5 2. Nc3 e6 3. e4 fxe4 4. Nxe4 Nf6 5. Bd3 Nc6 6. c3 Be7 7. Nxf6+ Bxf6 8.
Nh3 Qe7 9. O-O g6 10. Nf4 Qf7 11. Re1 b6 12. Bb5 Bb7 13. d5 Nd8 14. dxe6 Nxe6
15. Nxe6 1-0

[Event "34. Potsdamer Weihnachtsturnier"]
[Site "?"]
[Date "2009.12.27"]
[Round "2.27"]
[White "Swoboda, Julia"]
[Black "Petrak, Falk"]
[Result "1-0"]
[WhiteElo "1097"]
[BlackElo "1747"]
[PlyCount "57"]
[EventDate "2004.??.??"]

1. e4 e6 2. d4 d5 3. Nc3 Nf6 4. e5 Nfd7 5. Nf3 c5 6. Bb5 Nc6 7. Be3 cxd4 8.
Nxd4 Ncxe5 9. Qh5 Qf6 10. Bg5 Nd3+ 11. cxd3 Qxd4 12. O-O a6 13. Rfe1 e5 14. Be3
Qb4 15. Qxe5+ Qe7 16. Bc5 Qxe5 17. Rxe5+ Kd8 18. Bxd7 Bxc5 19. Bxc8 Rxc8 20.
Rxd5+ Ke7 21. Re1+ Kf8 22. Rd7 g6 23. Rxb7 Kg7 24. Nd5 Bd4 25. g3 Rc2 26. Ne3
Rd2 27. Rb3 Rc8 28. Kf1 Bxb2 29. Nc4 1-0

[Event "34. Potsdamer Weihnachtsturnier"]
[Site "?"]
[Date "2009.12.27"]
[Round "2.28"]
[White "Motsch, Sebastian"]
[Black "Schrodt, Horst"]
[Result "0-1"]
[WhiteElo "1045"]
[BlackElo "1708"]
[PlyCount "68"]
[EventDate "2004.??.??"]

1. e4 c6 2. d4 d5 3. Nc3 dxe4 4. Qe2 Qxd4 5. Qxe4 Qxe4+ 6. Nxe4 Bf5 7. Bd3 Bxe4
8. Bxe4 Nf6 9. Bd3 e6 10. Nf3 Be7 11. Be3 Nbd7 12. O-O-O h6 13. Rd2 Nd5 14. Bd4
Bf6 15. Re1 Bxd4 16. Nxd4 O-O 17. g3 Rac8 18. f4 Nc5 19. Bf1 Rfd8 20. Bh3 Rc7
21. f5 exf5 22. Nxf5 Ne6 23. Red1 Rf8 24. Bg2 Nf6 25. g4 g6 26. Nxh6+ Kh7 27.
Nf5 gxf5 28. gxf5 Nf4 29. Rg1 Rg8 30. Rf2 Nh3 31. Rf3 Nxg1 32. Rf2 Re7 33. b3
Re2 34. Rf4 Rexg2 0-1

[Event "34. Potsdamer Weihnachtsturnier"]
[Site "?"]
[Date "2009.12.27"]
[Round "2.29"]
[White "Wolff, Marie Antoinette"]
[Black "Toth, Hans-Juergen"]
[Result "0-1"]
[WhiteElo "977"]
[BlackElo "1684"]
[PlyCount "60"]
[EventDate "2004.??.??"]

1. f4 g6 2. d4 d5 3. e3 Nf6 4. Nf3 Bg7 5. Bd3 O-O 6. O-O b6 7. b3 a5 8. c4 e6
9. Nc3 dxc4 10. bxc4 Bb7 11. Ne5 Nbd7 12. Ba3 Re8 13. Rb1 Nxe5 14. fxe5 Nd7 15.
Qe1 Nxe5 16. dxe5 Qxd3 17. Rc1 Bxe5 18. Qf2 f5 19. Nb5 Rad8 20. Qh4 Qxe3+ 21.
Kh1 Rd2 22. Rg1 c6 23. Na7 Qxa3 24. Rcf1 Qxa2 25. Rf3 c5 26. Rg3 Bxg3 27. hxg3
Rxg2 28. Qh3 Rxg3+ 29. Rg2 Rxh3+ 30. Kg1 Qxg2# 0-1

[Event "34. Potsdamer Weihnachtsturnier"]
[Site "?"]
[Date "2009.12.27"]
[Round "2.30"]
[White "Bielick, Jakob"]
[Black "Reyher, Susan"]
[Result "1-0"]
[WhiteElo "1655"]
[BlackElo "999"]
[PlyCount "75"]
[EventDate "2004.??.??"]

1. e4 e5 2. Nf3 Nc6 3. Bc4 Bc5 4. O-O Nf6 5. d4 Nxd4 6. Nxe5 d6 7. Nxf7 Qd7 8.
Nxh8 Qe7 9. Bg5 Bg4 10. Qd2 O-O-O 11. Bxf6 Qxf6 12. Nf7 Re8 13. c3 Nf3+ 14.
gxf3 Qxf3 15. Ng5 Qf6 16. h3 Bf3 17. Nxf3 Qxf3 18. Qd3 Qh5 19. Qg3 Rxe4 20. Nd2
Re5 21. Qg4+ Kb8 22. Qxh5 Rxh5 23. Rae1 a6 24. Kh2 d5 25. Re8+ Ka7 26. Be2 Bd6+
27. Kg2 Rg5+ 28. Kf3 Rf5+ 29. Ke3 Bf4+ 30. Kd3 h5 31. Rg1 Bg5 32. Nf3 Bh6 33.
Rg2 Rf6 34. Ne5 Rb6 35. b4 c5 36. Nd7 Rb5 37. a4 c4+ 38. Kd4 1-0

[Event "34. Potsdamer Weihnachtsturnier"]
[Site "?"]
[Date "2009.12.27"]
[Round "2.31"]
[White "Mildenberger, Hans"]
[Black "Eichstaedt, Ina"]
[Result "1-0"]
[WhiteElo "1636"]
[BlackElo "894"]
[PlyCount "79"]
[EventDate "2004.??.??"]

1. e4 e5 2. Nf3 Nc6 3. Bb5 d6 4. O-O Nf6 5. Re1 Bg4 6. c3 a6 7. Ba4 Bxf3 8.
Qxf3 Be7 9. d4 O-O 10. d5 Na7 11. c4 c6 12. Be3 Qa5 13. Nc3 cxd5 14. exd5 Nc8
15. a3 Qc7 16. Qe2 Nb6 17. Bb3 a5 18. a4 h6 19. f4 exf4 20. Bxf4 Rfe8 21. Qd3
Qc5+ 22. Be3 Qc7 23. Bd4 Rac8 24. Nb5 Qd8 25. Bc2 g6 26. b3 Nbd7 27. Qg3 Nf8
28. Qh4 Nh5 29. Qf2 Rb8 30. Rf1 Nf6 31. Bxf6 Bxf6 32. Qxf6 Qxf6 33. Rxf6 Re2
34. Rf2 Rxf2 35. Kxf2 Rd8 36. Re1 Nh7 37. Re7 Nf6 38. h3 b6 39. Rb7 Nd7 40.
Nxd6 1-0